Rodová perspektíva v ekonómii aspekty mocenských vzťahov

Saved in:
Bibliographic Details
Main Author: Filadelfiová, Jarmila
Format: Book
Language:Slovak
Published: Bratislava ASPEKT 2010
Series:Knižná edícia ASPEKT
Subjects:
Tags: Add Tag
No Tags, Be the first to tag this record!

MARC

LEADER 00000nam a2200000 4500
001 0127331
005 20230227114022.4
020 |a 978-80-85549-91-1 
041 0 |a slo 
044 |a SK 
245 1 0 |a Rodová perspektíva v ekonómii  |b aspekty mocenských vzťahov  |c Jarmila Filadelfiová ... [et al.] 
264 1 |a Bratislava  |b ASPEKT  |c 2010 
300 |a 158 s. 
490 1 |a Knižná edícia ASPEKT 
830 0 |a Knižná edícia ASPEKT 
610 2 0 |a politika hospodárska 
610 2 0 |a teórie ekonomické 
610 2 0 |a ženy 
610 2 0 |a myslenie ekonomické 
610 2 0 |a starostlivosť o deti 
610 2 0 |a trh práce 
610 2 0 |a muži 
610 2 0 |a rodina 
610 2 0 |a reprodukcia 
610 2 0 |a kríza 
610 2 0 |a Európa 
100 1 |a Filadelfiová, Jarmila